[Event "Lleida-ch B"]
[Site "La Guardia"]
[Date "2015.10.11"]
[Round "3.8"]
[White "Ruiz Garcia, Lluis"]
[Black "Valios Blanco, Xavier"]
[Result "1-0"]
[WhiteElo "1880"]
[BlackElo "1746"]
[PlyCount "51"]
[EventDate "2015.09.27"]
[EventType "swiss"]
[EventRounds "9"]
[EventCountry "ESP"]
[SourceTitle "EXT 2024"]
[Source "ChessBase"]
[SourceDate "2023.10.10"]
[SourceVersion "1"]
[SourceVersionDate "2023.10.10"]
[SourceQuality "1"]

1. e4 d5 2. exd5 Qxd5 3. Nc3 Qa5 4. d4 Nf6 5. Bd2 c6 6. Nf3 Bg4 7. Be2 e6 8. Ne4 Qf5 9. Ng3 Qd5 10. c4 Qd8 11. Bc3 Bd6 12. h3 Bxg3 13. fxg3 Bf5 14. 0-0 0-0 15. Nh4 Ne4 16. Be1 g6 17. Bf3 Qc7 18. Nxf5 exf5 19. Bxe4 fxe4 20. Qg4 f5 21. Qg5 Qg7 22. Bc3 Qf6 23. Qe3 Qe6 24. Qh6 Nd7 25. d5 cxd5 26. Qg7# 1-0